书目信息 |
| 题名: |
防汛与抢险
|
|
| 作者: | 牛运光 编著 | |
| 分册: | ||
| 出版信息: | 北京 中国水利水电出版社 2003.04 |
|
| 页数: | 383页 | |
| 开本: | 19cm | |
| 丛书名: | ||
| 单 册: | ||
| 中图分类: | TV87 | |
| 科图分类: | ||
| 主题词: | 防洪--fang hong--基本知识 | |
| 电子资源: | ||
| ISBN: | 7-5084-1417-9 | |
| 000 | 00905nam0 2200241 450 | |
| 001 | 012008598625 | |
| 005 | 20080315154027.96 | |
| 010 | @a7-5084-1417-9@dCNY29.00 | |
| 100 | @a20080315d2003 km y0chiy0120 ea | |
| 101 | 0 | @achi |
| 102 | @aCN@b110000 | |
| 105 | @aa z 000yy | |
| 106 | @ar | |
| 200 | 1 | @a防汛与抢险@Afang xun yu qiang xian@f牛运光编著@Fniu yun guang bian zhu |
| 210 | @a北京@c中国水利水电出版社@d2003.04 | |
| 215 | @a383页@c图@d19cm | |
| 300 | @a供防汛抢险部队指战员和地方各级领导干部参阅 | |
| 330 | @a本书共10章,内容包括防汛组织机构和职责、防汛准备与检查、防御洪水预案编制、防洪工程措施与非工程措施、堤坝与建筑物险情的抢护、河道防护与控导工程险情抢护、河道凌汛险情抢护、堤坝抢险实例以及堤坝抢险新技术等。 | |
| 606 | 0 | @a防洪@Afang hong@x基本知识 |
| 690 | @aTV87@v4 | |
| 701 | 0 | @a牛运光@Aniu yun guang@4编著 |
| 801 | 0 | @aCN@bQSSK@c20080315 |
| 905 | @b20283417-19@dTV87@eN725@f3 | |
| 防汛与抢险/牛运光编著.-北京:中国水利水电出版社,2003.04 |
| 383页:图;19cm |
| 供防汛抢险部队指战员和地方各级领导干部参阅 |
| ISBN 7-5084-1417-9:CNY29.00 |
| 本书共10章,内容包括防汛组织机构和职责、防汛准备与检查、防御洪水预案编制、防洪工程措施与非工程措施、堤坝与建筑物险情的抢护、河道防护与控导工程险情抢护、河道凌汛险情抢护、堤坝抢险实例以及堤坝抢险新技术等。 |
| ● |
| 相关链接 |
|
|
|
正题名:防汛与抢险
索取号:TV87/N725
 
预约/预借
| 序号 | 登录号 | 条形码 | 馆藏地/架位号 | 状态 | 备注 |
| 1 | 283417 | 202834175 | 自科库501/501自科库 48排6列3层/ [索取号:TV87/N725] | 在馆 | |
| 2 | 283418 | 202834184 | 自科库501/501自科库 48排6列3层/ [索取号:TV87/N725] | 在馆 | |
| 3 | 283419 | 202834193 | 期刊室512/501自科库 48排6列3层/ [索取号:TV87/N725] | 在馆 |